1958 1867 1727 1484 1363 1510 1615 1616 1757 1296 1921 1609 1623 1529 1317 1837 1184 1350 1861 1737 1878 1959 1802 1513 1543 1790 1870 1572 1196 1082 1898 1788 1622 1994 1972 1706 1978 1341 1240 1337 1663 1247 1527 1025 1919 1235 1027 1900 1160 1132 1623 1982 1503 1379 1176 1526 1844 1372 1591 1092 1506 1327 1351 1182 1118 1644 1152 1341 1948 1398 1437 1963 1697 1651 1732 1799 1071 1771 1352 1935 1266 1213 1203 1074 1275 1274 1397 1993 1571 1383 1386 1541 1308 1880 1263 1132 1392 1950 1900 BCNSPRNW ULIB Ver.6.0+V

เปลี่ยนเป็นภาษาไทย

Change to English
 แสดงรายละเอียดบรรณานุกรม
  กลับหน้าหลัก

Brief Record : Get Marc (ISO 2709) : E-mail record : QR code < ปิดหน้าต่าง
LEADER : 00000nam 2200000uu 4500
001    13399127287
003     ULIB
008    200325s2562||||th 000 0 tha d
020    ^a9786164433199
060  4 ^aWA105^bส828ว
100 0  ^aสุพรรณี ธรากุล
245 10 ^aวิทยาการระบาดทางการพยาบาล /^cสุพรรณี ธรากุล,บรรณาธิการ
250    ^aพิมพ์ครั้งที่ 1
260    ^aกรุงเทพฯ :^bจุฬาลงกรณ์มหาวิทยาลัย,^c2562.
300    ^a497 หน้า :^bภาพประกอบ;^c26.5 ซม.
650  4 ^aระบาดวิทยา.
650  4 ^aอนามัยชุมชน
710 1  ^aมหาวิทยาลัยมหิดล. ^bคณะแพทยศาสตร์ ^cโครงการตำรารามาธิบดี
945    ^p450^l0^i28064
945    ^p450^l0^i28065
945    ^p450^l0^i28066
945    ^p450^l0^i28067
945    ^p450^l0^i28068
999    ^aกัณชพร จุลอักษร
รายการนี้ยังไม่มีแท็ก
คุณยังไม่ได้ล็อกอิน คุณสามารถมีกิจกรรมร่วมกับเว็บไซต์ได้ แต่ต้องล็อกอินก่อน ::
  ล็อกอิน

รายการสื่อสารสนเทศ

ลำดับที่ ประเภท เลขเรียก/บาร์โค้ด สถานที่ สถานะ
1. หนังสือสำรอง
หนังสือสำรอง
WA105 ส828ว ฉ.1 
  Barcode: 28064
ห้องสมุดวิทยาเขตนครสวรรค์
►หนังสือทั่วไป:l:General Books
บนชั้น
2. วิทยาศาสตร์การแพทย์ และสุขภาพ
วิทยาศาสตร์การแพทย์ และสุขภาพ
WA105 ส828ว ฉ.2 
  Barcode: 28065
ห้องสมุดวิทยาเขตนครสวรรค์
►หนังสือทั่วไป:l:General Books
บนชั้น
3. วิทยาศาสตร์การแพทย์ และสุขภาพ
วิทยาศาสตร์การแพทย์ และสุขภาพ
WA105 ส828ว ฉ.3 
  Barcode: 28066
ห้องสมุดวิทยาเขตนครสวรรค์
►หนังสือทั่วไป:l:General Books
บนชั้น
4. วิทยาศาสตร์การแพทย์ และสุขภาพ
วิทยาศาสตร์การแพทย์ และสุขภาพ
WA105 ส828ว ฉ.4 
  Barcode: 28067
ห้องสมุดวิทยาเขตนครสวรรค์
►หนังสือทั่วไป:l:General Books
บนชั้น
5. วิทยาศาสตร์การแพทย์ และสุขภาพ
วิทยาศาสตร์การแพทย์ และสุขภาพ
WA105 ส828ว ฉ.5 
  Barcode: 28068
ห้องสมุดวิทยาเขตนครสวรรค์
►หนังสือทั่วไป:l:General Books
บนชั้น

รายการใกล้เคียง
    ผู้แต่ง [สุพรรณี ธรากุล]

    หัวเรื่อง [ระบาดวิทยา.]
    หัวเรื่อง [อนามัยชุมชน]

BibComment


ยังไม่เคยถูกคอมเมนท์

คอมเมนท์ทรัพยากรรายการนี้
  คอมเมนท์: วิทยาการระบาดทาง..


 Copyright 2026. Bcnsprnw @Library